| 000 | 00880pam a2200253 a 4500 | ||
|---|---|---|---|
| 999 |
_c8195 _d8195 |
||
| 001 | 426072 | ||
| 003 | GBCCL | ||
| 005 | 20241126110645.0 | ||
| 008 | 810824s1981 miu b 000 0 eng | ||
| 010 | _a 81013088 | ||
| 020 | _a0310416418 | ||
| 040 |
_aDLC _cDLC _dDLC |
||
| 050 | 0 | 0 |
_aBS2310 _b.H68 |
| 082 | 0 | 0 |
_a225.0202 _219 _bHOU |
| 100 | 1 |
_aHouse, H. Wayne. _98795 |
|
| 245 | 1 | 0 |
_aChronological and background charts of the New Testament / _cH. Wayne House ; with a foreword by Harold W. Hoehner. |
| 260 |
_aGrand Rapids, Mich. : _bZondervan, _cc1981. |
||
| 300 |
_a156 p. ; _c28 cm. |
||
| 504 | _aBibliography: p. 148-156. | ||
| 630 | 0 | 0 |
_aBible. _pNew Testament _xHandbooks, manuals, etc. _914266 |
| 856 | 4 | 2 |
_3Publisher description _uhttp://www.loc.gov/catdir/enhancements/fy0633/81013088-d.html |
| 906 |
_a7 _bcbc _corignew _d1 _eocip _f19 _gy-gencatlg |
||
| 942 |
_2ddc _cBK _04 |
||